000 00417cam a22001574a 4500
020 _a2259194125
040 _cDLC
082 _a959 PLO 2001 A101 Or.
100 1 _aTauriac, Michel.
245 1 0 _aViêt Nam :
_ble dossier noir du communisme. Hô so den Viêt Công /
246 0 _aDe 1945 à nos jours.
260 _aParis :
_bPlon,
_c2001.
300 _a251, [5] p. ;
_c23 cm.
650 0 _aCommunism
942 _cEK
999 _c13519
_d13519